Statistics for NBA A-Z Quiz

Click here to take the quiz!

General Stats

  • This quiz has been taken 32 times
  • The average score is 22 of 26

Answer Stats

Hint Answer % Correct
Extra period given when the score is tied after 4 quartersOvertimeO
100%
1st Overall Draft pick in 2002 from ChinaYao MingY
100%
The GOATMichael JordanM
100%
NBA Stands for what?National Basketball AssociationN
97%
One-half of the Splash BrothersKlay ThompsonK
97%
Dirk Nowitzki, Tony Parker, Pau Gasol's Home ContinentEuropeE
97%
Kareem Abdul Jabbar, Kevin Love, Russell Westbrook's College.UCLAU
97%
Used to quicken the pace of the game, 24 Seconds per possession of the ballShot ClockS
97%
Players who just entered the league for the first timeRookieR
97%
3-Seconds, Back Court, Double-dribble, Traveling etc.ViolationV
93%
A Game where selected NBA stars play thru Fan & Media votes.All-Star GameA
93%
Show after the First two quarters of the GameHalf-Time ShowH
93%
This is to determine who gets the first possession in the gameJump BallJ
93%
Team with the highest championshipsBoston CelticsB
90%
Double-digit figures in four positive statistical categoriesQuadruple-DoubleQ
90%
This is a type of dunk where the player brings the ball up to their waste, then moves their arm straight back and up in a circular motion until they dunk the ball over their headWindmillW
90%
A close-range shot using one hand to bank the ball off the backboardLay UpL
86%
A Bonus for being fouled in the act of shooting or while the other team is in the PenaltyFree ThrowsF
86%
Point, Shooting, Combo..GuardG
79%
Stephen Curry, Ray Allen & Reggie Miller's favorite type of shotThree Point ShotT
79%
Joel Embiid's home countryCameroonC
76%
Steve Nash & John Stockton's favorite type of playPick and RollP
69%
Offensive play for scorers who can make their own shot specially in the dying seconds of the gameIsolationI
66%
Golden State Warriors NicknameDubsD
55%
Phil Jackson's Nickname as a CoachZen MasterZ
55%
He was nicknamed as the X-Man, All-Star in 1988 while playing for the Seattle SupersonicsXavier McDanielX
34%

Score Distribution

Percentile by Number Answered

Percent of People with Each Score

Your Score History

You have not taken this quiz